[Event "USA-ch"]
[Site "Parsippany"]
[Date "1996.??.??"]
[Round "3"]
[White "Shaked, Tal"]
[Black "Ivanov, Alexander"]
[Result "1-0"]
[WhiteElo "2440"]
[BlackElo "2560"]
[Annotator "Stohl,I"]
[PlyCount "81"]
[EventDate "1996.07.13"]
[EventType "tourn"]
[EventRounds "13"]
[EventCountry "USA"]
[EventCategory "12"]
[SourceTitle "CBM 055"]
[Source "ChessBase"]
[SourceDate "1996.12.01"]
[SourceVersion "1"]
[SourceVersionDate "1996.12.01"]
[SourceQuality "1"]

1. e4 g6 2. d4 Bg7 3. Nc3 c6 4. Bc4 b5 {[%csl Gd4,Ge4] One of the sharpest
lines in the Modern defence complex. Black disregards development, allows
White to build a strong center (d4,e4) and counterattacks on the Q-side.
Although this seems strategically dubious, practice shows it's not so easy for
White to prove an advantage.} 5. Bb3 a5 6. a3 (6. a4 b4 7. Nce2 (7. Qf3 e6 8.
Nce2 c5 $5 (8... d5 9. c3 (9. Bf4 Nf6 10. exd5 cxd5 11. h4 Ba6 12. O-O-O Nc6
13. Kb1 Rc8 14. g4 h5 15. gxh5 Nxh5 16. Be3 Bf6 17. Qg4 Ng7 18. Nf4 g5 19. Ng2
Nf5 20. h5 Nce7 21. Rd2 Nh6 22. Qd1 Nef5 23. Nf3 Rg8 24. Rg1 Qc7 $36 {Tate,
E-Ivanov,AV/Philadelphia World op/1992/}) 9... Nf6 10. e5 Nfd7 11. h4 h6 12.
Qg3 h5 13. Bc2 Nf8 14. Nf3 Ba6 15. Nf4 Qe7 16. Nd3 Nh7 17. O-O b3 18. Bb1 Nd7
19. Re1 Bxd3 20. Bxd3 O-O 21. Be3 Rfc8 22. Be2 Rab8 23. Bd1 Rb7 24. Ra3 Rcb8
25. Nd2 $16 {Saravanan,V-Donguines,F/Calcutta op/1996/}) 9. dxc5 Bb7 10. Qe3
Na6 11. Nf4 Rc8 12. Nd3 Qh4 13. Bc4 Nf6 14. Nf4 Ng4 15. Qe2 Nxc5 16. g3 Qe7 17.
Qxg4 Nxe4 18. Qe2 Nc3 19. bxc3 Bxc3+ 20. Kf1 Bxa1 21. f3 Qd6 $17 {Rodin,
M-Tumakov/RUS-sf Kazan/1995/}) 7... d5 8. e5 Bf5 9. Ng3 Qd7 10. c3 Na6 11. Nxf5
Qxf5 12. Bc2 Qd7 13. Nf3 e6 14. O-O h6 15. Bd3 Ne7 16. Bxa6 Rxa6 17. cxb4 axb4
18. Bd2 $16 {Nunn,J-Wicker,K/London (Aaronson 09)/1978/}) 6... d6 (6... Ba6 7.
Qf3 e6 8. e5 $5 f5 9. Nce2 Ne7 10. h4 h6 11. Nf4 Qb6 12. Be3 a4 13. Bxe6 $6
dxe6 14. Nxe6 Kf7 15. d5 Qa5+ 16. Bd2 b4 17. Nxg7 Qxd5 $1 18. Bxb4 Qxe5+ 19.
Ne2 Bxe2 20. Qxe2 Qxe2+ 21. Kxe2 Nd5 22. Nxf5 gxf5 23. Bd2 Nd7 24. f3 h5 25.
Kf2 Rab8 $19 {Almasi,I-Kaabi,M/Budapest FS11 GM/1995/}) (6... e6 7. e5 d5 8.
exd6 Qxd6 9. Ne4 Qc7 10. Nh3 a4 11. Ba2 Nf6 12. Nxf6+ Bxf6 13. Bh6 c5 14. c3
Bb7 15. O-O c4 16. Bb1 Nd7 17. Ng5 Nb6 18. Ne4 Be7 19. Bg7 Rg8 20. Nf6+ Bxf6
21. Bxf6 Qf4 22. Be5 Qg5 23. f3 f5 24. Bc2 O-O-O 25. Qe2 Bd5 $13 {Howell,
J-Marusenko,P/London Lloyds/1993/}) 7. Qf3 (7. Nf3 Ba6 8. Be3 e6 9. d5 (9. Qd2
Nd7 10. Ne2 d5 11. Ng3 h6 12. O-O Ngf6 13. exd5 cxd5 14. Rfe1 Ne4 15. Qc1 Bb7
16. c3 Rc8 17. Nxe4 dxe4 18. Nd2 O-O 19. Bf4 Bxd4 20. Nxe4 Bxe4 21. Rxe4 Bg7
22. Bc2 Kh7 23. Re2 e5 24. Bg3 f5 25. f3 b4 $132 {Hamdouchi,H-Spraggett,K/
Casablanca/1994/}) 9... cxd5 10. Nxd5 Nd7 11. Bd4 Ngf6 12. Nxf6+ Nxf6 13. O-O
O-O 14. Re1 Qe7 15. Bc3 a4 16. Ba2 Qb7 17. Nd2 Rac8 18. Qf3 Nd7 19. Bxg7 Kxg7
20. c3 Qb6 21. Re3 Rc5 22. Qf4 Nf6 23. Rd1 Nh5 24. Qh4 Qd8 $10 {Kuijf,M-Hickl,
J/Groningen op/1988/}) 7... e6 8. Nge2 (8. Bf4 Ba6 9. Rd1 Ne7 10. h4 h6 11. Nh3
Nc8 12. h5 g5 13. Bc1 Nd7 14. Qg3 b4 15. Na4 d5 16. e5 Ne7 17. f4 Nf5 18. Qf3
f6 19. g4 Nxd4 $1 20. Rxd4 fxe5 21. fxe5 Nxe5 22. Qe3 O-O 23. Kd1 Qd6 $40 {
Svidler,P-Ivanov,AV/Gausdal Arnold Cup/1991/}) 8... Ne7 $146 (8... Ba6 9. d5 (
9. Be3 Nd7 10. Rd1 Qc7 11. O-O Ngf6 12. Rfe1 O-O 13. Qh3 b4 14. axb4 axb4 15.
Nb1 c5 16. dxc5 dxc5 17. Nf4 c4 18. Ba4 Ne5 19. f3 Bc8 20. b3 c3 21. Nd3 Nxd3
22. Rxd3 Nd7 23. Qh4 Nc5 24. Bxc5 Qxc5+ 25. Qf2 Qa5 $17 {Grabics,M-Barczay,L/
Zalakaros op/1995/}) 9... cxd5 10. exd5 e5 11. Ne4 h6 12. g4 $5 (12. N2g3 Qd7
13. c4 f5 14. Nc3 e4 15. Qe3 a4 16. Bc2 Ne7 17. Nge2 Kf7 18. O-O bxc4 19. Bxa4
Qb7 20. f3 exf3 21. Qe6+ Kf8 22. Rxf3 Be5 23. g4 Qb6+ 24. Be3 Qxb2 25. Rb1
Qxb1+ 26. Nxb1 Bc8 $17 {Aslanian,L-Oganessiants,E/Erevan op/1996/}) (12. h4 f5
13. Nd2 Ne7 14. a4 b4 15. h5 g5 16. Bc4 O-O 17. Qb3 Nd7 18. Bxa6 Rxa6 19. O-O
Nc5 20. Qc4 Qa8 21. Rd1 Rc8 $17 {Sargissian,G-Galdunts,S/Erevan op/1996/})
12... Nf6 13. N2g3 Nxe4 14. Nxe4 O-O 15. Qh3 f5 16. gxf5 Bc8 17. Ng3 Rxf5 18.
Qg2 a4 19. Ba2 Rf4 20. c3 Rh4 21. h3 Bf5 22. Nxf5 gxf5 23. Qg6 Qf8 24. Be3 Kh8
25. O-O-O Nd7 26. Qe6 Rd8 27. Rdg1 f4 28. Ba7 $16 {Anand,V-Shirov,A/Dos
Hermanas/1996/}) (8... Nd7 9. O-O Nb6 10. d5 b4 $6 11. Na4 cxd5 12. exd5 Bb7
13. Nxb6 Qxb6 14. axb4 axb4 15. Be3 Qd8 16. Qf4 Bxb2 17. dxe6 fxe6 18. Ba4+ Ke7
19. Qxb4 Bxg2 20. Qxb2 {1-0/Brinck Claussen,B-Hansen,GW/DEN-chT 9596/1996/}) 9.
h4 h5 (9... h6 $142 $5 $13) 10. Bg5 Nd7 11. Qg3 Qc7 (11... e5 $2 12. d5 $40)
12. O-O (12. d5 a4 (12... exd5 13. Bxe7 (13. exd5 Nf5 $132) 13... Kxe7 14. exd5
$36) 13. Ba2 (13. dxe6 axb3 $5 14. exd7+ Bxd7 15. cxb3 b4 $44) 13... cxd5 14.
exd5 (14. Nxb5 Qa5+ $15) 14... Nf5 $13) 12... Ba6 13. d5 cxd5 $6 (13... exd5
$142 14. Bxe7 Kxe7 15. exd5 c5 $13) 14. exd5 e5 $5 $8 {Black's central
advantage is more than outweighed by White's attacking chances due to Black's
K in the center.} (14... Nf5 $2 15. dxe6 $3 (15. Qd3 Nc5 $17) 15... Nxg3 (15...
fxe6 16. Qf3 $18) 16. exf7+ Kf8 17. Nf4 $1 Qc4 18. Nxg6+ Kxf7 19. Nxh8+ Rxh8
20. fxg3+ $18) 15. Bxe7 Kxe7 16. Rae1 b4 (16... Kf8 $142 $5 17. f4 $36) 17.
axb4 axb4 18. Ne4 Nf6 (18... Kf8 19. Ra1 $5 $40) 19. Qg5 Qd8 $8 (19... Rhc8 20.
f4 $18) 20. Nd4 $1 {[%cal Rd4c6] /\Nc6+-} Kf8 (20... exd4 21. Nxf6+ Kf8 22.
Re8+ Qxe8 23. Nxe8 Rxe8 24. Ra1 $18) 21. Nc6 Nxe4 $8 22. Qxd8+ Rxd8 23. Rxe4 $1
(23. Nxd8 $2 Nc5 24. Nc6 Bxf1 25. Kxf1 e4 $15) 23... Bxf1 (23... Rc8 24. Ra1
$40) 24. Nxd8 $16 {Black's Q-side has fallen apart and the B-pair doesn't give
him sufficient compensation.} Ba6 $8 25. Rxb4 {[%csl Gb2,Gc2] o^c,b} Bf6 (25...
Ke7 26. Nc6+ Kd7 27. Nb8+ $18) 26. Nc6 Kg7 27. g3 (27. f3 $5 {[%cal Rb4b6,
Rg1f2] /\Rb6,Kf2+-}) 27... Be2 28. Kg2 g5 $2 (28... Ra8 $142 $5 29. Bc4 $5 (29.
Ra4 Rxa4 30. Bxa4 Bc4 $1 31. Bb3 Bb5 $14) (29. Rb7 $2 e4 $132) 29... Bd1 30.
Bd3 Ra2 $14) 29. hxg5 Bxg5 30. Bc4 $1 Bd1 31. Bd3 h4 (31... Ra8 32. Rb7 {
[%cal Rb2b6] /\b4-b5-b6+-} Ra2 $16) 32. gxh4 $6 (32. f4 $142 $5 exf4 33. gxf4
Bh6 34. Nd4 $16) 32... Bxh4 (32... Rxh4 33. Rxh4 Bxh4 34. b4 $18) 33. f3 Bg5 (
33... Kf6 34. Be4 $18) 34. Ra4 Kf6 $2 $138 (34... Bf4 $132 {[]}) 35. b4 $2 $138
(35. Ra1 $18) 35... Bf4 36. b5 Rh2+ $2 (36... Be3 $1 $8 37. Rg4 $14) 37. Kg1
$18 {[%csl Gb5] o^b} Rh3 (37... Bxf3 38. Rxf4+ exf4 39. Kxh2 $18) 38. Rxf4+ $1
{Decisive. The exchange sacrifice kills the last black piece, which could
fight the b-pawn.} exf4 39. b6 Bxf3 40. b7 Rh8 41. c4 $1 (41. b8=Q Rxb8 42.
Nxb8 Bxd5 $16) 1-0

[Event "Groningen PCA"]
[Site "Groningen"]
[Date "1993.??.??"]
[Round "6"]
[White "Yermolinsky, Alex"]
[Black "Azmaiparashvili, Zurab"]
[Result "1/2-1/2"]
[WhiteElo "2605"]
[BlackElo "2630"]
[Annotator "Stohl,I"]
[PlyCount "51"]
[EventDate "1993.12.??"]
[EventType "swiss"]
[EventRounds "11"]
[EventCountry "NED"]
[SourceTitle "CBM 039"]
[Source "ChessBase"]
[SourceDate "1994.04.01"]
[SourceVersion "1"]
[SourceVersionDate "1994.04.01"]
[SourceQuality "1"]

1. d4 d6 2. e4 g6 3. Nc3 Bg7 4. Bg5 Nc6 (4... Nd7 $5 5. Qd2 a6 6. f4 b5 7. e5
$6 f6 8. exf6 Ngxf6 9. Bd3 c5 10. dxc5 Nxc5 11. Nf3 Bb7 12. O-O b4 13. Nd1 Qb6
14. Kh1 O-O 15. Bc4+ e6 16. Bh4 Nfe4 17. Qe3 d5 $17 {Leko,P-Gofshtein,L/Brno/
1993/}) 5. Nge2 (5. Bb5 $5 Bd7 6. Nf3 a6 7. Bxc6 bxc6 (7... Bxc6 $142 $5) 8. e5
Rb8 9. O-O Rxb2 10. Qe2 Qc8 11. exd6 cxd6 12. Bc1 Rb8 13. Ne4 Be6 14. Bf4 $44 {
Varga,S-Lajos,J/HUN-tt/1993/}) (5. Nf3 Bg4 6. Bb5 a6 7. Bxc6+ bxc6 8. Qd2 Qb8
9. O-O-O Qb4 10. Rhe1 Rb8 11. b3 c5 12. Be3 cxd4 13. Bxd4 Bh6 14. Be3 Bg7 $10 {
Tseitlin,MS-Davies,N/Polanica Zdroj/1989/}) 5... f6 $146 (5... Nf6 6. Qd2 (6.
d5 $6 Ne5 7. Nd4 c5 8. Bb5+ Bd7 9. Bxd7+ Qxd7 10. Nf3 Qg4 11. Kf1 Nxf3 12. Bxf6
Nxh2+ 13. Rxh2 Qxd1+ 14. Nxd1 Bxf6 $17 {Afek,Y-Davies,N/Herzliya/1993/}) 6...
h6 7. Bh4 O-O 8. f3 e5 9. d5 Ne7 10. O-O-O Nh5 11. g4 Nf4 12. Bf2 Nxe2+ 13.
Nxe2 $14 {Bitman,A-Belov,I/Protvino/1992/}) 6. Be3 e5 7. Qd2 (7. g3 f5 $5 $132)
7... Nge7 8. d5 Nb8 9. O-O-O O-O (9... f5 10. f4 $5 Nd7 11. Ng3 $36) 10. f4 Nd7
11. g4 {/\f5()} f5 $8 12. gxf5 (12. exf5 $5 gxf5 13. g5 $36 {/\h4-h5,Ng3-h5})
12... gxf5 13. Rg1 fxe4 14. Bh3 (14. Nxe4 Ng6 $13) 14... Nb6 $1 15. Bxc8 (15.
Bxb6 $6 Bxh3 $17) 15... Nc4 $8 (15... Rxc8 16. Bxb6 cxb6 17. fxe5 $16) 16. Be6+
Kh8 17. Qe1 Nxe3 18. Rxg7 (18. Qg3 $2 N7f5 19. Bxf5 Nxf5 20. Qh3 Qh4 $36) 18...
Nxd1 $8 (18... Kxg7 $2 19. Qg3+ Ng6 20. Qxe3 Nxf4 21. Rg1+ $18 {->}) 19. Rxh7+
$1 (19. Qg3 Nxc3 20. Nxc3 Ng6 21. Rd7 Qf6 $17) 19... Kxh7 20. Qh4+ Kg7 21. Qg4+
Kh8 (21... Ng6 $2 22. f5 Rf6 23. Kxd1 $16 {/\Ne4,fg6}) 22. Nxe4 Ng8 $1 $10 (
22... Ne3 $6 23. Qh5+ Kg7 24. Ng5 $40) 23. Qh5+ Kg7 24. Qg4+ Kh8 (24... Kh6 $2
25. f5 $40) 25. Qh5+ Kg7 26. Qg4+ 1/2-1/2

[Event "Zlin"]
[Site "Zlin"]
[Date "1995.??.??"]
[Round "?"]
[White "Kogan, Artur"]
[Black "Vokac, Marek"]
[Result "1-0"]
[WhiteElo "2495"]
[BlackElo "2475"]
[Annotator "Stohl,I"]
[PlyCount "81"]
[EventDate "1995.??.??"]
[EventType "tourn"]
[EventRounds "9"]
[EventCountry "CZE"]
[EventCategory "10"]
[SourceTitle "CBM 049"]
[Source "ChessBase"]
[SourceDate "1995.12.01"]
[SourceVersion "1"]
[SourceVersionDate "1995.12.01"]
[SourceQuality "1"]

1. d4 g6 2. e4 Bg7 3. Nc3 d6 4. f4 (4. Be3 a6 5. f4 b5 6. Bd3 Bb7 7. Nf3 Nd7 8.
e5 Nb6 9. O-O e6 10. a4 b4 11. Ne4 Ne7 12. Bf2 Bxe4 13. Bxe4 Nbd5 14. a5 Nxf4
15. Bxa8 Qxa8 16. Bg3 Nfd5 17. Qd3 Nf5 18. Bf2 Nf4 19. Qc4 O-O 20. Rae1 $14 {
Tiviakov,S-Azmaiparashvili,Z/Groningen/1994/}) 4... a6 5. Nf3 b5 6. Bd3 Bb7 7.
O-O (7. Qe2 Nd7 8. e5 Nh6 9. Ne4 O-O 10. c3 c5 11. e6 $6 f5 $1 12. exd7 c4 13.
Bc2 fxe4 14. Bxe4 Bxe4 15. Qxe4 Qxd7 16. O-O Rae8 17. a4 Ng4 18. axb5 axb5 19.
Ng5 e6 20. Ra6 d5 21. Qe2 Nf6 $10 {Sax,G-Vokac,M/Pardubice op/1994/}) 7... Nd7
(7... c5 8. dxc5 dxc5 9. e5 $5 {[%cal Yd3e4] (),/\Be4}) 8. Ne2 (8. e5 $5 c5 (
8... e6 9. Be3 (9. a4 bxa4 10. Qe1 Ne7 11. Rxa4 O-O 12. Ne4 Nc8 13. Ra3 c5 14.
c3 a5 15. Qe2 Rb8 16. Be3 c4 17. Bc2 Bd5 18. Ra2 a4 19. exd6 Ndb6 20. Nc5 Nxd6
21. Nxa4 $16 {Klovans,J-Gausel,E/Gausdal Arnold Cup/1995/}) 9... Ne7 10. Bf2
Qb8 11. a4 bxa4 12. Rxa4 O-O 13. Nd2 Nb6 14. Ra3 Nbd5 15. Nxd5 Nxd5 16. Qg4 f5
17. exf6 Rxf6 18. Ne4 Rxf4 19. Qxe6+ Kh8 20. Ng5 Qe8 21. Qh3 Nf6 22. Ne6 Rg4
23. d5 $1 $40 {Jansa,V-Bern,I/Gausdal Troll Masters/1991/}) 9. Ng5 (9. exd6
cxd4 10. Ne4 Qb6 11. Qe2 e6 12. a4 b4 13. a5 Qc6 14. Bd2 Ngf6 15. Nxf6+ Nxf6
16. Ne5 Qxd6 17. Nc4 Qc5 18. Qe5 Bd5 19. Nd6+ Kf8 20. Nb7 Qe7 21. f5 gxf5 22.
Nd6 Ng4 23. Qg3 Be5 24. Bh6+ Nxh6 25. Qxe5 Rg8 $17 {Wang Zili-Sznapik,A/Manila
olm/1992/}) 9... Qb6 10. Qe2 Nh6 11. e6 Bxd4+ 12. Kh1 Nf6 13. exf7+ Nxf7 14. f5
Ne5 15. Be4 Bxc3 16. Bxb7 Qxb7 17. bxc3 gxf5 18. Bf4 Nc4 19. Bg3 h6 20. Rxf5
hxg5 21. Rxf6 O-O-O 22. Rf7 Rd7 23. Qe6 $44 {Zelcic,R-Sznapik,A/Biel op/1991/})
8... c5 9. c3 Qb6 (9... cxd4 10. cxd4 Ngf6 11. e5 Nd5 12. Ng5 Qb6 13. Kh1 f6
14. Ne6 Kf7 15. Nxg7 Kxg7 16. e6 Nf8 17. f5 h5 18. Bd2 h4 19. h3 Rh5 20. Rc1
Nh7 21. fxg6 Ng5 22. Bf5 Rah8 23. Bg4 Ne4 24. Bxh5 Rxh5 25. Kh2 Rh8 26. Qe1 $14
{Petschar,K-Schlosser,M/OST-BL 8889/1989/}) 10. Kh1 Ngf6 11. Ng3 cxd4 (11... e5
$5 12. dxe5 dxe5 13. fxe5 Ng4 14. e6 fxe6 (14... Qxe6 $2 15. Ng5 $18) 15. Ng5
Nge5 $13) (11... O-O 12. e5 Nd5 13. Bd2 dxe5 14. fxe5 c4 15. Be2 Rac8 16. a4 f5
17. exf6 exf6 18. axb5 axb5 19. b3 Qc7 20. bxc4 bxc4 21. Qc2 Rfe8 22. Rfb1 N7b6
23. Ra5 Bc6 24. Ng1 Ra8 25. Rxa8 Rxa8 26. Bf3 $14 {Illescas Cordoba,M-Vokac,M/
EUCup Gr7Barcelona /1993/}) 12. cxd4 d5 $6 {Stabilizes the center. This
favours White, as he has more space and Black can't hold on to his e4 outpost.}
13. e5 Ne4 14. Qe1 $1 (14. Bxe4 dxe4 15. Ng5 f5 $5 {/\} (15... Rd8 16. N5xe4
Nb8 17. Be3 Nc6 18. Qe1 $14) 16. d5 Nf8 {[%csl Rd5][%cal Ra8d8] /\Rd8,><d5})
14... f5 (14... Nxg3+ 15. hxg3 O-O 16. g4 $40 {[%cal Re1h4,Rf4f5] /\Qh4,f5})
15. exf6 Ndxf6 16. f5 $36 Rd8 (16... O-O $5 17. fxg6 hxg6 18. Be3 $16 {[%cal
Rf3e5] /\Ne5}) 17. Ng5 $5 Nxg5 (17... Qxd4 18. Bxe4 Nxe4 19. Ne6 $18) 18. Bxg5
Qxd4 19. Rd1 Qg4 20. fxg6 $6 (20. Bxf6 $1 Bxf6 21. fxg6 O-O $8 (21... hxg6 22.
Rxf6 Qh4 23. Bxg6+ Kd7 24. Qe6+ $18) 22. Nf5 {[%cal Rf5h6] /\Nh6} Kh8 23. g7+
$1 Bxg7 24. Qxe7 Ba8 25. Nh6 $1 $18) 20... Qxg5 21. Nf5 O-O 22. Nxg7 (22. Qxe7
Rd7 23. Qe6+ Kh8 $19) (22. Qe6+ Kh8 23. Nxg7 d4 $36) 22... d4 23. Rf2 $2 (23.
Rd2 $142 $5 Ng4 (23... Ne4 24. Rxf8+ Rxf8 25. Ne6 $1 Qxd2 26. gxh7+ (26. Qxd2
Rf1+ 27. Bxf1 Nxd2 28. gxh7+ Kxh7 29. Bd3+ $16) 26... Kxh7 27. Qxd2 Rf1+ 28.
Bxf1 Nxd2 29. Bd3+ $16 {[%cal Ye6d4] /\Nd4}) 24. Ne6 Qh6 25. gxh7+ Kh8 26.
Rxf8+ Rxf8 27. h4 Rc8 (27... Rf6 28. Qg3 $1 $18) 28. Bc2 $13) 23... Ng4 24. Rf5
(24. Rxf8+ Rxf8 25. Ne6 Qh5 26. gxh7+ Kh8 27. h4 Rf2 $19) 24... Rxf5 25. Nxf5
hxg6 26. h4 (26. Qe6+ Kh8 27. Nxe7 Nf2+ $19) (26. Nxe7+ Kg7 {[%cal Rg4e3,Rd8e8]
/\Ne3,Re8-+}) 26... Qf4 27. Nxe7+ (27. Nh6+ Nxh6 28. Qxe7 Rf8 $1 29. Bxg6 (29.
Qxb7 Ng4 30. Qd5+ Kh8 $19) 29... Bxg2+ 30. Kxg2 Qg4+ $19) 27... Kg7 $19 28.
Nf5+ {Desperation in mutual time-trouble.} gxf5 29. Qe7+ Kh6 30. Qe6+ Kh5 31.
Qf7+ Kxh4 32. Qh7+ Qh6 33. Qc7 Rd7 (33... Rc8 $142 $1 34. Qxb7 Kg3+ 35. Kg1
Qe3+ $19) 34. Qb8 f4 35. Kg1 Kg3 36. Be4 Qh2+ 37. Kf1 Bxe4 38. Rd2 Qg1+ $4 {(+)
} 39. Kxg1 Rh7 40. Qd6 d3 $6 (40... Rh2 $142 $1 41. Qxd4 Bxg2 42. Rd3+ f3 (
42... Bf3 43. Rxf3+ Kxf3 44. Qd3+ Ne3 45. Kxh2 $18) 43. Qxg4+ Kxg4 44. Kxh2 $18
) 41. Rxd3+ 1-0

[Event "Altensteig"]
[Site "Altensteig"]
[Date "1994.??.??"]
[Round "9"]
[White "Gabriel, Christian"]
[Black "Bischoff, Klaus"]
[Result "1-0"]
[WhiteElo "2545"]
[BlackElo "2525"]
[Annotator "Stohl,I"]
[PlyCount "97"]
[EventDate "1994.08.??"]
[EventType "tourn"]
[EventRounds "11"]
[EventCountry "GER"]
[EventCategory "12"]
[SourceTitle "CBM 043"]
[Source "ChessBase"]
[SourceDate "1994.12.01"]
[SourceVersion "1"]
[SourceVersionDate "1994.12.01"]
[SourceQuality "1"]

1. d4 g6 2. e4 Bg7 3. Nc3 d6 4. Nf3 a6 $5 (4... Nf6 {-B08}) 5. a4 (5. h3 $5 b5
6. Bd3 (6. a4 b4 7. Ne2 Bb7 8. Ng3 Nd7 9. Bd3 Ngf6 10. O-O O-O 11. c3 bxc3 12.
bxc3 c5 13. Rb1 Qc7 14. Qe2 Bc6 15. d5 Bxa4 16. Bxa6 Rab8 17. Bd2 Rb6 18. Rxb6
Qxb6 19. Bd3 Qb2 20. Rb1 Qa2 21. Rb7 Bb3 22. Bg5 Qxe2 23. Bxe2 Ba4 $10 {
Kosten,T-Hickl,J/Haifa ETC/1989/}) 6... Bb7 7. Qe2 $14) 5... b6 (5... Bg4 $5 6.
Be2 Nc6 7. Be3 e5 8. dxe5 dxe5 9. Qxd8+ Rxd8 (9... Nxd8 $5 $10) 10. Nd5 Rd7 11.
O-O Nge7 12. Nxe7 (12. Rfd1 Nxd5 13. exd5 Bxf3 14. Bxf3 Nd4 $10) 12... Kxe7 13.
Rfd1 Ra8 $5 14. h3 Rxd1+ 15. Rxd1 Bd7 16. Bc5+ Ke8 17. Bc4 Nd8 18. a5 f6 19. c3
Ne6 20. Be3 Rd8 21. Kf1 Bf8 22. Bd5 Bc8 23. Ke2 Bd6 $10 {Sareen,V-Koshi,V/
Calcutta op/1994/}) 6. Bc4 e6 (6... Bb7 $6 7. Ng5 $5 (7. O-O Nf6 8. e5 $36)
7... e6 (7... Nh6 8. h4 $36) 8. Bxe6 fxe6 9. Nxe6 Qd7 10. Nd5 $44) 7. O-O (7.
Bg5 Ne7 8. O-O h6 9. Be3 Bb7 10. Bb3 Nd7 11. Qe2 Qb8 $6 12. Nd2 Qa7 13. a5 $1
Qb8 14. axb6 cxb6 15. Qg4 Qc7 16. f4 b5 17. f5 Nf6 18. Qe2 gxf5 19. d5 e5 20.
exf5 Nexd5 21. Nxd5 Nxd5 22. Ne4 $44 {Schulz,Ra-Wittke,M/2.BLN 9394/1994/})
7... Ne7 8. Qe2 (8. Be3 Nd7 9. Qd2 h6 10. h4 $5 Bb7 11. Rfe1 Nf6 12. Bd3 d5 $5
(12... Ng4 13. Bf4 e5 $10) 13. Bf4 c5 (13... dxe4 $142) 14. dxc5 bxc5 15. exd5
Nexd5 16. Nxd5 Bxd5 17. Ne5 Bb7 18. Nc4 O-O $8 19. Bxh6 Qd5 20. Bf1 Bxh6 21.
Qxh6 $16 {Vescovi,G-Vadasz,L/Budapest Exp7/1993/}) 8... h6 (8... Bb7 $142 $5 {
/\d5}) 9. h3 O-O (9... c5 $6 10. dxc5 dxc5 11. Bf4 $16 {<->d}) 10. Bf4 Bb7 11.
Rad1 $14 Nd7 (11... d5 12. Bd3 $14 (12. exd5 Nxd5 13. Nxd5 exd5 14. Bd3 Nc6 $10
)) 12. Rfe1 Kh7 13. Bg3 Qb8 $6 (13... Nf6 $142 $5 {/\Ne4,d5,Qd7}) 14. Ba2 Qa7
15. e5 $1 {()} d5 (15... dxe5 16. Nxe5 Nxe5 17. Bxe5 Bxe5 18. Qxe5 $16) 16. Qd3
{/\Ne2,c3,Bb1->} c5 17. Ne2 b5 (17... cxd4 18. Nexd4 $16) 18. a5 $5 b4 19. c3
bxc3 (19... Nc6 20. Nf4 Nxa5 21. Bb1 $40) 20. bxc3 Bc6 21. Nf4 Rab8 22. Bh4 $1
Rfe8 (22... Nf5 23. g4 $1 Nxh4 24. Nxh4 {><g6}) 23. Bxe7 Rxe7 24. h4 (24. Nh4
Nf8) 24... Kg8 25. Qe3 $16 c4 26. h5 g5 27. Ne2 {׻,/\Bb1,Nh2-g4,f4->} Rf8 28.
Bb1 f6 $5 29. exf6 Nxf6 30. Nxg5 $1 (30. Ne5 Be8 31. g4 $16) 30... Ng4 (30...
hxg5 31. Qxg5 {/\h6+/-}) 31. Qg3 Nxf2 32. Rf1 $1 hxg5 (32... Nxd1 $2 33. Bh7+
Kh8 34. Rxf8+ Bxf8 35. Nf7+ $1 $18) 33. Rxf2 Rxf2 34. Qxf2 Rf7 (34... e5 35.
Qf5 e4 36. Qxg5 $18) 35. Qe3 Qe7 36. Bg6 Rf8 37. Rb1 Bb5 38. Ng3 {/\Nf5!} Rf4 (
38... Bf6 39. Re1 $1 Bd7 40. Nf5 $36) (38... Qf6 39. Rf1 $18) 39. Ne2 $138 Rf8
40. Ng3 Rf4 41. Nf5 $1 Qf6 $8 (41... Qd7 42. Nxg7 Kxg7 43. Qe5+ $18) 42. Rxb5
$1 axb5 43. a6 $18 e5 $8 (43... exf5 44. a7 Qa6 45. Qe8+ $18) 44. a7 Qa6 45.
Nxg7 Qxa7 (45... Kxg7 46. Qxe5+ Rf6 47. Qe7+ $18) 46. Ne6 Qa1+ 47. Kh2 Rh4+ 48.
Kg3 Qd1 49. Bf7+ $1 (49. Qxg5 $4 Qe1+ $36) (49. Bf7+ Kxf7 (49... Kh8 50. Qxe5+)
50. Nxg5+ {/\Kh4+-}) 1-0

[Event "Ostrava"]
[Site "Ostrava"]
[Date "1992.??.??"]
[Round "1"]
[White "Plachetka, Jan"]
[Black "Hoi, Carsten"]
[Result "1/2-1/2"]
[WhiteElo "2475"]
[BlackElo "2445"]
[Annotator "Stohl,I"]
[PlyCount "121"]
[EventDate "1992.09.??"]
[EventType "tourn"]
[EventRounds "11"]
[EventCountry "CZE"]
[EventCategory "9"]
[SourceTitle "CBM 033"]
[Source "ChessBase"]
[SourceDate "1993.04.01"]
[SourceVersion "1"]
[SourceVersionDate "1993.04.01"]
[SourceQuality "1"]

1. d4 g6 2. e4 Bg7 3. c3 d6 4. f4 Nf6 5. e5 dxe5 (5... Nd5 6. Bc4 dxe5 7. fxe5
{-5...de5}) (5... Nfd7 $6 6. Nf3 O-O 7. h4 c5 8. h5 cxd4 9. hxg6 hxg6 10. cxd4
Nb6 11. Qd2 $6 (11. Nc3 $16 {-><->h}) 11... Bg4 12. Qf2 Qd7 13. Nc3 Rd8 14. Bb5
Qf5 15. Nh4 Qe6 16. Bd3 dxe5 17. f5 gxf5 18. Nxf5 exd4+ 19. Ne2 $44 {Weitzer,
A-Lorscheid,G,GER-CupT f 1992-CBM 29}) 6. fxe5 Nd5 7. Bc4 O-O 8. Nf3 Be6 $5 {
N; /\Nc3-+} (8... c5 9. dxc5 Be6 10. Qd4 (10. Na3 Nc6 11. Bg5 Rc8 12. Qd2 Rc7
13. Bh6 Rd7 $44 {Renet,O-Todorcevic,M,Marseille 1988-CBM 09}) 10... Nc6 11. Qe4
Na5 12. Be2 Bf5 13. Qh4 Nc6 14. O-O Nxe5 15. Nxe5 Bxe5 16. Bh6 Bg7 17. Bxg7
Kxg7 18. Rd1 e6 19. Qd4+ Kg8 20. Bf3 Qg5 $132 {Lein,A-Mohr,S,New York op
1990-EXP 16}) (8... Nb6 9. Bb3 c5 $5 10. dxc5 Qxd1+ 11. Kxd1 N6d7 12. e6 Nxc5
13. exf7+ Kh8 14. Bc4 Nc6 15. Be3 Be6 16. Bxe6 Nxe6 17. Nbd2 Rxf7 18. Kc2 b5
$132 {Fossan,E-Tisdall,J,Gjovik ch-NO 1991-TD 91_06}) (8... c6 $6 9. O-O b5 10.
Bd3 Na6 11. Qe1 Nac7 {Sahovic,D-Shamkovich,L,Reykjavik 1982} 12. Qh4 $40) 9.
Bb3 (9. Qe2 $142 $5) 9... c5 10. O-O (10. dxc5 Nc6 11. Ng5 (11. Qe2 Qc7 $15)
11... Nxe5 12. O-O (12. Nxe6 fxe6 $40 {עe1}) 12... Qc7 $1 $36 {/\} 13. Bxd5
Qxc5+ $17) 10... cxd4 11. cxd4 Nc6 12. Nc3 Na5 $1 (12... h6 $10) 13. Ng5 Nxc3
14. bxc3 Bc4 $2 (14... Bd5 $1 $15 {/\} 15. e6 Nxb3 16. exf7+ Rxf7 17. Nxf7 Qa5
$1 $17 {Tal-Vadasz,Tallinn 1977}) 15. Bxc4 Nxc4 16. Rxf7 $1 Rxf7 17. Nxf7 Qb6 (
17... Kxf7 18. Qf1+ $16 {/\Qc4}) (17... Qd5 18. Nh6+ Kh8 19. Ng4 $14) 18. Qb3 (
18. Nh6+ $5 Kh8 (18... Bxh6 19. Bxh6 $16 {/\} Nxe5 $2 20. Rb1 $18) 19. Kh1 Rf8
20. Ng4 $14) 18... Qc6 $8 (18... Qxb3 19. axb3 Kxf7 20. bxc4 $16) 19. Ng5 (19.
Nh6+ $5 Kh8 20. Bg5 $36) 19... Rf8 20. Nf3 Kh8 21. Rb1 (21. Bg5 e6 22. Re1 $16)
21... Qe4 (21... b6 $5 22. Bg5 h6 $5 {/\} 23. Bxe7 Rxf3 24. gxf3 Nd2 $13) 22.
Bg5 $6 (22. Qxb7 $5 Qe2 (22... Qd3 23. Bg5 $16 (23. Qb3 h6 $1 $44)) 23. Bg5 {/\
} h6 24. Re1 $16) 22... h6 23. Re1 $1 (23. Bxe7 Rxf3 24. gxf3 Qe3+ 25. Kg2 Qe2+
26. Kg3 Bxe5+ $1 27. dxe5 Qxe5+ 28. f4 Qe3+ 29. Kg2 Qe2+ 30. Kg1 Qe3+ $10)
23... Qd3 24. Bxe7 Rxf3 25. gxf3 Nd2 26. Qd1 Nxf3+ 27. Kf2 Nxe1 28. Qxe1 $16 {
<=>} Qf5+ 29. Kg3 Qe6 30. Bd6 Kh7 (30... Qxa2 $2 31. e6 $18) 31. Qe2 {/\c4,d5}
Qd5 $8 32. Qf3 (32. a4 $1 $16 {/\Qf3,Qb5}) 32... Qxa2 33. Qxb7 (33. d5 Qa6 $1
$14) 33... Qd2 34. Qf3 Qe1+ 35. Kg2 h5 $1 $14 36. Be7 (36. c4 Qd2+ 37. Qf2 Qg5+
$132) (36. Bb4 $5 $14) 36... a5 37. Bg5 a4 38. Qe3 Qd1 $1 $8 (38... Qxe3 39.
Bxe3 a3 40. Bc1 a2 41. Bb2 $18 {/\c4,d5}) 39. e6 a3 40. e7 a2 41. e8=Q a1=Q $10
42. Q8e4 Qh1+ 43. Kg3 Qag1+ 44. Qxg1 Qxg1+ 45. Qg2 $8 (45. Kf4 $2 Qg4+ $19)
45... Qe1+ 46. Qf2 Qxc3+ 47. Qe3 Qc4 48. Qe4 Bxd4 49. Be3 Qc7+ $8 50. Bf4 Qc3+
51. Qf3 Qe1+ (51... h4+ 52. Kg4 $10) 52. Kh3 Qe6+ 53. Kg2 Bg7 54. h3 $10 Qa2+
55. Kf1 Qf7 {/\g5,Bh6-+} 56. Kg2 Bh6 57. Bxh6 $1 (57. Bg3 $10) 57... Qxf3+ 58.
Kxf3 Kxh6 59. h4 $1 Kg7 60. Kf4 Kf6 61. Ke4 {[Stohl]} 1/2-1/2